[Event "Catalunya-chT Gp2"]
[Site "Barcelona"]
[Date "2020.01.18"]
[Round "1.10"]
[White "Colls Gelaberto, Emilio"]
[Black "Boldu Soto, Roger"]
[Result "1/2-1/2"]
[WhiteElo "2067"]
[BlackElo "2060"]
[PlyCount "20"]
[EventDate "2020.01.18"]
[EventType "team-tourn"]
[EventRounds "7"]
[EventCountry "ESP"]
[SourceTitle "CBM 194 Extra"]
[Source "ChessBase"]
[SourceDate "2020.03.31"]
[SourceVersion "1"]
[SourceVersionDate "2020.03.31"]
[SourceQuality "1"]
[WhiteTeam "Figueres"]
[BlackTeam "Valls"]
[WhiteTeamCountry "ESP"]
[BlackTeamCountry "ESP"]

1. d4 d5 2. Bf4 Nf6 3. e3 e6 4. Nf3 c5 5. c3 Nc6 6. Nbd2 Bd6 7. Bg3 0-0 8. Bd3 b6 9. 0-0 Bxg3 10. hxg3 Bb7 1/2-1/2

[Event "Tarragona Calbet Memorial"]
[Site "Tarragona"]
[Date "2013.05.25"]
[Round "7"]
[White "Boldu Soto, Roger"]
[Black "Terreu Serra, Francesco"]
[Result "1/2-1/2"]
[WhiteElo "2037"]
[BlackElo "1936"]
[PlyCount "34"]
[EventDate "2013.04.13"]
[EventType "swiss"]
[EventRounds "8"]
[EventCountry "ESP"]
[SourceTitle "EXT 2014"]
[Source "ChessBase"]
[SourceDate "2013.11.20"]
[SourceVersion "1"]
[SourceVersionDate "2013.11.20"]
[SourceQuality "1"]

1. d4 d5 2. Nf3 e6 3. g3 f5 4. Bg2 Nf6 5. c4 c6 6. Bf4 Be7 7. Nc3 0-0 8. Ne5 b6 9. 0-0 Bb7 10. Re1 Nbd7 11. f3 Nxe5 12. Bxe5 Nd7 13. cxd5 Nxe5 14. dxe5 cxd5 15. e3 Qc7 16. a3 Ba6 17. Qd2 Rfd8 1/2-1/2

[Event "Catalunya-ch U20"]
[Site "Vila Seca"]
[Date "2011.04.23"]
[Round "7"]
[White "Fernandez Soriano, Ruben"]
[Black "Boldu Soto, Roger"]
[Result "1-0"]
[WhiteElo "2080"]
[BlackElo "1961"]
[PlyCount "99"]
[EventDate "2011.04.20"]
[EventType "swiss"]
[EventRounds "8"]
[EventCountry "ESP"]
[SourceTitle "EXT 2012"]
[Source "ChessBase"]
[SourceDate "2011.11.24"]
[SourceVersion "1"]
[SourceVersionDate "2011.11.24"]
[SourceQuality "1"]

1. c4 e6 2. d4 d5 3. Nf3 Nf6 4. Qc2 Nbd7 5. g3 c6 6. Bg2 Bd6 7. 0-0 0-0 8. Nbd2 Re8 9. e4 Nxe4 10. Nxe4 dxe4 11. Qxe4 Nf6 12. Qc2 Qc7 13. Bg5 h6 14. Bxf6 gxf6 15. Rad1 Bf8 16. Rfe1 b6 17. a3 a5 18. c5 b5 19. Nd2 f5 20. Nf3 a4 21. Ne5 Bd7 22. Qe2 Re7 23. Qf3 Rc8 24. g4 Bg7 25. gxf5 exf5 26. Bh3 Rce8 27. Qc3 Be6 28. f4 Bf6 29. Re3 Kh7 30. Rg3 Rg8 31. Qf3 Ree8 32. Nxc6 Bb3 33. Bxf5+ Kh8 34. Rc1 Rxg3+ 35. hxg3 Rg8 36. Kh2 Kg7 37. Re1 Rc8 38. Ne5 Rd8 39. Nc6 Rh8 40. d5 Bxb2 41. d6 Qb7 42. Re7 Qa8 43. Qg4+ Kf6 44. Be4 Rg8 45. Qf5+ Kg7 46. Qh7+ Kf8 47. d7 Rg7 48. Qh8+ Rg8 49. Qxb2 Qxc6 50. Re8# 1-0

[Event "Catalunya-ch U20"]
[Site "Vila Seca"]
[Date "2011.04.20"]
[Round "1"]
[White "Cano Egea, Joan Manuel"]
[Black "Boldu Soto, Roger"]
[Result "0-1"]
[WhiteElo "1440"]
[BlackElo "1961"]
[PlyCount "106"]
[EventDate "2011.04.20"]
[EventType "swiss"]
[EventRounds "8"]
[EventCountry "ESP"]
[SourceTitle "EXT 2012"]
[Source "ChessBase"]
[SourceDate "2011.11.24"]
[SourceVersion "1"]
[SourceVersionDate "2011.11.24"]
[SourceQuality "1"]

1. e4 c5 2. Nf3 d6 3. c3 Nf6 4. Be2 g6 5. 0-0 Bg7 6. Re1 0-0 7. Bc4 e6 8. d4 Nxe4 9. Rxe4 d5 10. Bxd5 Qxd5 11. Re1 Rd8 12. Be3 Nc6 13. Na3 cxd4 14. Bxd4 Nxd4 15. Nxd4 Bxd4 16. cxd4 Qxd4 17. Qb3 b6 18. Rad1 Qf6 19. Rxd8+ Qxd8 20. Rd1 Qe7 21. Nc4 Bb7 22. Qa4 Rd8 23. Rxd8+ Qxd8 24. Ne3 a6 25. Qc2 h5 26. h3 Qc8 27. Qd2 Qc6 28. Qd8+ Kg7 29. Qd4+ Kh7 30. Qf6 Qc7 31. a3 Bd5 32. Nxd5 exd5 33. Qd4 Qc6 34. Qf4 Qe6 35. Qd4 f6 36. Qc3 Kh6 37. h4 g5 38. hxg5+ fxg5 39. Qh8+ Kg6 40. Qc3 b5 41. Qc2+ Kh6 42. Qc3 h4 43. Qd2 Qe5 44. Qc1 Qf6 45. Qd2 d4 46. Qd1 Qd6 47. Qd3 Qc5 48. Qf3 Qc1+ 49. Kh2 Qf4+ 50. Qxf4 gxf4 51. Kg1 d3 52. Kf1 d2 53. Ke2 f3+ 0-1

[Event "Catalunya-ch U20"]
[Site "Vila Seca"]
[Date "2010.04.05"]
[Round "8"]
[White "Boldu Soto, Roger"]
[Black "Solani Nunez, Joshua"]
[Result "0-1"]
[WhiteElo "1999"]
[BlackElo "1865"]
[PlyCount "98"]
[EventDate "2010.03.31"]
[EventType "swiss"]
[EventRounds "9"]
[EventCountry "ESP"]
[SourceTitle "CBM 135 Extra"]
[Source "ChessBase"]
[SourceDate "2010.05.04"]
[SourceVersion "1"]
[SourceVersionDate "2010.05.04"]
[SourceQuality "1"]

1. f4 d5 2. b3 Nc6 3. Bb2 Nf6 4. Nf3 Bg4 5. e3 e6 6. h3 Bxf3 7. Qxf3 Ne4 8. g3 Bb4 9. c3 Qf6 10. Bd3 Ne5 11. Qe2 Nxd3+ 12. Qxd3 Nxg3 13. Rh2 c6 14. Na3 Bd6 15. 0-0-0 Qe7 16. Nc2 Nf5 17. Rg1 0-0-0 18. b4 Rhg8 19. Rhg2 g6 20. b5 c5 21. c4 d4 22. e4 Ng7 23. Qf3 Qc7 24. Rf1 Nh5 25. e5 Be7 26. Ne1 Ng7 27. Nd3 Nf5 28. Qe4 Kd7 29. Nf2 Ra8 30. Nh1 Bh4 31. Rf3 a6 32. Rb3 axb5 33. Rxb5 Rgb8 34. a3 Ra5 35. Nf2 Rxb5 36. cxb5 Bxf2 37. Rxf2 Qa5 38. Qd3 Qa4 39. Rf1 c4 40. Qc2 Qxb5 41. a4 Qc5 42. Rf3 b5 43. axb5 Rxb5 44. Ra3 d3 45. Qd1 Qb4 46. Ra2 Nd4 47. Kb1 Nb3 48. Qh1 Nxd2+ 49. Ka1 Ra5 0-1

[Event "Catalunya-ch U20"]
[Site "Vila Seca"]
[Date "2010.04.04"]
[Round "7"]
[White "Escobar Figueroa, Sandra"]
[Black "Boldu Soto, Roger"]
[Result "1/2-1/2"]
[WhiteElo "1806"]
[BlackElo "1999"]
[PlyCount "31"]
[EventDate "2010.03.31"]
[EventType "swiss"]
[EventRounds "9"]
[EventCountry "ESP"]
[SourceTitle "CBM 135 Extra"]
[Source "ChessBase"]
[SourceDate "2010.05.04"]
[SourceVersion "1"]
[SourceVersionDate "2010.05.04"]
[SourceQuality "1"]

1. e4 c5 2. Nf3 d6 3. d4 cxd4 4. Qxd4 Nc6 5. Bb5 Bd7 6. Bxc6 bxc6 7. c4 c5 8. Qd3 Bc6 9. Nc3 e6 10. 0-0 Qc7 11. b3 Rd8 12. Bb2 Qb7 13. Rfe1 Ne7 14. Qc2 Ng6 15. Rad1 Be7 16. h3 1/2-1/2

[Event "Catalunya-ch U20"]
[Site "Vila Seca"]
[Date "2010.04.02"]
[Round "4"]
[White "Boldu Soto, Roger"]
[Black "Fernandez Aguilar, Francisco"]
[Result "1/2-1/2"]
[WhiteElo "1999"]
[BlackElo "1845"]
[PlyCount "79"]
[EventDate "2010.03.31"]
[EventType "swiss"]
[EventRounds "9"]
[EventCountry "ESP"]
[SourceTitle "CBM 135 Extra"]
[Source "ChessBase"]
[SourceDate "2010.05.04"]
[SourceVersion "1"]
[SourceVersionDate "2010.05.04"]
[SourceQuality "1"]

1. e4 e5 2. Nc3 Nf6 3. g3 d5 4. exd5 Nxd5 5. Bg2 Nxc3 6. bxc3 Nc6 7. Ne2 Bc5 8. h3 0-0 9. 0-0 Be6 10. Bb2 Qd7 11. Kh2 Rad8 12. d3 Bd5 13. Bxd5 Qxd5 14. Nc1 e4 15. f4 Rfe8 16. d4 Na5 17. Nb3 Bb6 18. f5 Nc4 19. Bc1 e3 20. Qe2 f6 21. Rf3 Re7 22. Bd2 Rde8 23. Be1 c6 24. h4 Bc7 25. Nc5 Nd2 26. Bxd2 exd2 27. Ne6 g6 28. c4 Qd6 29. Qxd2 gxf5 30. Nf4 Re4 31. Rd1 Qf8 32. Qg2 Qg7 33. d5 Bxf4 34. Rxf4 Rxf4 35. gxf4 Qxg2+ 36. Kxg2 cxd5 37. Rxd5 Re2+ 38. Kf3 Rxc2 39. Rd8+ Kf7 40. Rd7+ 1/2-1/2

[Event "Catalunya-ch U20"]
[Site "Vila Seca"]
[Date "2010.04.01"]
[Round "3"]
[White "Barbero Sendic, Alejandro"]
[Black "Boldu Soto, Roger"]
[Result "1-0"]
[WhiteElo "2225"]
[BlackElo "1999"]
[PlyCount "80"]
[EventDate "2010.03.31"]
[EventType "swiss"]
[EventRounds "9"]
[EventCountry "ESP"]
[SourceTitle "CBM 135 Extra"]
[Source "ChessBase"]
[SourceDate "2010.05.04"]
[SourceVersion "1"]
[SourceVersionDate "2010.05.04"]
[SourceQuality "1"]

1. e4 e6 2. Nc3 b6 3. d4 Bb7 4. a3 d6 5. Nf3 Nd7 6. Bc4 Ngf6 7. Qe2 c5 8. 0-0 a6 9. a4 Qc7 10. Rd1 cxd4 11. Nxd4 Nc5 12. f3 Rc8 13. Ba2 Be7 14. Be3 Qb8 15. Qf2 Bd8 16. Qg3 0-0 17. Bh6 Ne8 18. b4 Nb3 19. Bxb3 Rxc3 20. Bd2 Rc7 21. c4 Qc8 22. Rac1 Bf6 23. Qf2 Ba8 24. Ne2 Bd8 25. Bf4 e5 26. Be3 Rb7 27. Ng3 Qc7 28. Nf5 Rb8 29. Ba2 Bc6 30. c5 dxc5 31. bxc5 b5 32. axb5 Bxb5 33. c6 Qa5 34. Bc5 Bc7 35. Kh1 Ba4 36. Rd5 Nf6 37. Bxf8 Nxd5 38. Bxg7 Nf4 39. Qg3 Ng6 40. Qg5 Bxc6 1-0

[Event "Tarragona Province-chA"]
[Site "Tarragona"]
[Date "2008.05.17"]
[Round "5"]
[White "Ferre Moragues, Andreu"]
[Black "Boldu Soto, Roger"]
[Result "1-0"]
[WhiteElo "1891"]
[BlackElo "1994"]
[PlyCount "66"]
[EventDate "2008.04.19"]
[EventType "swiss"]
[EventRounds "8"]
[EventCountry "ESP"]
[SourceTitle "EXT 2019"]
[Source "ChessBase"]
[SourceDate "2018.10.10"]
[SourceVersion "1"]
[SourceVersionDate "2018.10.10"]
[SourceQuality "1"]

1. e4 e6 2. d4 d5 3. e5 c5 4. c3 Qb6 5. Nf3 Nc6 6. Bd3 cxd4 7. cxd4 Bd7 8. Bc2 Nb4 9. Nc3 Nxc2+ 10. Qxc2 Rc8 11. 0-0 Ne7 12. Qd3 Nc6 13. a3 Na5 14. Rb1 Be7 15. Rd1 Nc4 16. Nd2 0-0 17. Qg3 f6 18. Qg4 Be8 19. Nxd5 exd5 20. Qxc8 Nxd2 21. Bxd2 Ba4 22. Qg4 Bxd1 23. Rxd1 fxe5 24. Bc3 Qf6 25. Rf1 e4 26. Qd7 Qf7 27. Qxb7 e3 28. Qb5 exf2+ 29. Kh1 Qe6 30. Qd3 Bd6 31. Bd2 Qg4 32. Qe3 Bg3 33. Bb4 Qh5 1-0

[Event "Catalunya-ch U20"]
[Site "Catalunya"]
[Date "2008.03.20"]
[Round "2"]
[White "Coll Ortega, Jordi"]
[Black "Boldu Soto, Roger"]
[Result "1-0"]
[WhiteElo "2196"]
[BlackElo "1994"]
[PlyCount "69"]
[EventDate "2008.03.19"]
[EventType "swiss"]
[EventRounds "9"]
[EventCountry "ESP"]
[SourceTitle "EXT 2010"]
[Source "ChessBase"]
[SourceDate "2010.11.25"]
[SourceVersion "1"]
[SourceVersionDate "2010.11.25"]
[SourceQuality "1"]

1. c4 c6 2. g3 d5 3. Bg2 dxc4 4. Nf3 Nf6 5. a4 Be6 6. Na3 Qd5 7. 0-0 Na6 8. d3 cxd3 9. Ng5 Qd7 10. Nxe6 Qxe6 11. Qxd3 Rd8 12. Qe3 Qxe3 13. Bxe3 e6 14. Bxa7 Rd2 15. Bf3 Bc5 16. Bxc5 Nxc5 17. b4 Nce4 18. Rfc1 0-0 19. b5 Rd4 20. bxc6 bxc6 21. Nc2 Rd6 22. Ne3 Nd2 23. Nc4 Nxc4 24. Rxc4 Rc8 25. a5 Nd5 26. e4 Ne7 27. a6 Rd7 28. a7 Ra8 29. Rb4 Rdd8 30. Rb7 Kf8 31. e5 Rdc8 32. Rd1 Nd5 33. Bxd5 cxd5 34. Rdb1 Ke8 35. Rb8 1-0

[Event "Catalunya-ch U20"]
[Site "Catalunya"]
[Date "2008.03.19"]
[Round "1"]
[White "Boldu Soto, Roger"]
[Black "Muratet Carmona, Julia"]
[Result "1-0"]
[WhiteElo "1994"]
[BlackElo "1702"]
[PlyCount "139"]
[EventDate "2008.03.19"]
[EventType "swiss"]
[EventRounds "9"]
[EventCountry "ESP"]
[SourceTitle "EXT 2010"]
[Source "ChessBase"]
[SourceDate "2010.11.25"]
[SourceVersion "1"]
[SourceVersionDate "2010.11.25"]
[SourceQuality "1"]

1. d4 d5 2. c4 dxc4 3. Nf3 Nc6 4. d5 Na5 5. Nc3 c6 6. Bf4 Nf6 7. dxc6 Nxc6 8. Qxd8+ Nxd8 9. e3 Nh5 10. Bg3 Nxg3 11. hxg3 g6 12. Bxc4 Bg7 13. Rc1 h6 14. Bb5+ Nc6 15. Nd5 Rb8 16. 0-0 e6 17. Nb4 Bd7 18. Nxc6 Bxc6 19. Bxc6+ bxc6 20. b3 Rc8 21. Rfd1 Rc7 22. Rd6 c5 23. Nd2 0-0 24. Nc4 Rfc8 25. Rcd1 Bf8 26. Rd7 Be7 27. e4 Kf8 28. f4 Ke8 29. Rxc7 Rxc7 30. Kf2 f6 31. Ke3 Rd7 32. Rc1 Bd8 33. g4 g5 34. g3 Bb6 35. a4 Kf7 36. e5 Bd8 37. Nd6+ Kg7 38. exf6+ Kxf6 39. Ne4+ Kf7 40. Nxc5 Bb6 41. b4 Rc7 42. Ke4 a5 43. Nd3 Rxc1 44. Nxc1 axb4 45. Kd3 Bc7 46. Ne2 Kg6 47. Kc4 Bd6 48. a5 h5 49. a6 Bb8 50. gxh5+ Kxh5 51. Nd4 Ba7 52. Nxe6 gxf4 53. Nxf4+ Kg4 54. Ne2 Kf3 55. Kxb4 Kg4 56. Kb5 Kf3 57. Kc6 Be3 58. Kb7 Kg4 59. a7 Bxa7 60. Kxa7 Kf3 61. Kb6 Kg4 62. Kc5 Kf3 63. Kd4 Kg4 64. Ke3 Kh5 65. Kf4 Kg6 66. g4 Kf6 67. g5+ Kg6 68. Kg4 Kf7 69. Kf5 Kg7 70. g6 1-0